<?xml version="1.0" encoding="UTF-8"?>
<record
    xmlns:xsi="http://www.w3.org/2001/XMLSchema-instance"
    xsi:schemaLocation="http://www.loc.gov/MARC21/slim http://www.loc.gov/standards/marcxml/schema/MARC21slim.xsd"
    xmlns="http://www.loc.gov/MARC21/slim">

  <leader>00213nam a2200085   4500</leader>
  <controlfield tag="001">1256602</controlfield>
  <controlfield tag="005">20260102100359.0</controlfield>
  <datafield tag="245" ind1=" " ind2=" ">
    <subfield code="a">D&#xDC;NYAYI B&#x130;S&#x130;KLETLE DOLA&#x15E;AN &#xC7;OCUK</subfield>
    <subfield code="c">ALASTA&#x130;R HUMPEHEYS</subfield>
  </datafield>
  <datafield tag="260" ind1=" " ind2=" ">
    <subfield code="b">BEYAZ BAL&#x130;NA</subfield>
  </datafield>
  <datafield tag="999" ind1=" " ind2=" ">
    <subfield code="c">1256602</subfield>
    <subfield code="d">1256602</subfield>
  </datafield>
  <datafield tag="952" ind1=" " ind2=" ">
    <subfield code="0">0</subfield>
    <subfield code="1">0</subfield>
    <subfield code="2">ddc</subfield>
    <subfield code="4">0</subfield>
    <subfield code="7">0</subfield>
    <subfield code="a">1031</subfield>
    <subfield code="b">1031</subfield>
    <subfield code="d">2026-01-02</subfield>
    <subfield code="l">2</subfield>
    <subfield code="o">N2</subfield>
    <subfield code="p">10317510</subfield>
    <subfield code="q">2026-05-12</subfield>
    <subfield code="r">2026-04-27 14:37:24</subfield>
    <subfield code="s">2026-04-27</subfield>
    <subfield code="w">2026-01-02</subfield>
    <subfield code="y">BK</subfield>
  </datafield>
</record>
